| 000 | 00631nam a2200169 4500 | ||
|---|---|---|---|
| 001 | 132408 | ||
| 003 | ES-MaACL | ||
| 005 | 20230906194154.0 | ||
| 007 | t| | ||
| 008 | 070214s1979 sp r ||||1| spa d | ||
| 100 | 1 |
_aRomero Carnicero, María Victoria. _999362 |
|
| 245 | 1 | 0 |
_aVllo, un alfarero de terra sigillata hispánica / _cMaría Victoria Romero Carnicero. |
| 260 |
_aValladolid : _bUniversidad, Departamento de Prehistoria y Arqueología, _c1979. |
||
| 300 |
_a28 p. : _bil. ; _c24 cm. |
||
| 710 | 2 |
_aUniversidad de Valladolid. _bDepartamento de Prehistoria y Arqueología. _97341 |
|
| 852 |
_aES-MaACL _j2112-F-24 _bR.99269 |
||
| 999 |
_c132408 _d132408 |
||